000 00276nam a2200133Ia 4500
100 _aNovell/ Education
942 _cBK
654 _aCourse 525
245 _aCourse 525
260 _bNovell Press
_aIndia
_c1998
082 _a4.65
_bNOVELL
546 _aENGLISH
999 _c30139
_d30139